| 000 | 00541nam a2200217Ia 4500 | ||
|---|---|---|---|
| 008 | 170918s9999 xx 000 0 und d | ||
| 020 | _a439272629 | ||
| 050 | _bS672 2000 | ||
| 100 | _aSnicket, Lemony | ||
| 245 | 4 | _aThe wide window / | |
| 245 | _cby Lemony Snicket ; illustrated by Brett Helquist. | ||
| 260 | _aNew York : | ||
| 260 | _bScholastic, | ||
| 260 | _c2000 | ||
| 300 | _a214 pages : | ||
| 300 | _billustrations ; | ||
| 300 | _c19cm. | ||
| 300 | _eA series of unfortunate events ; | ||
| 440 | _a3 | ||
| 500 | _a1150 | ||
| 999 |
_c343575 _d343575 |
||